00732cam a22001817i 4500003000400000005001700004008004100021020001800062040001400080100002500094245020100119260003900320300004700359504001800406650004700424650004800471650003100519OSt20180307173658.01703 s2016 sp a b 000 0 spa d a9788494634307 bcatcCDMR1 aValiña, Carmen V.,13aEl mundo árabo-islámico como ellas nos lo contaron b: las periodistas de TVE en Oriente Medio y Norte de África : cuatro décadas de información con nombre de mujerc/ Carmen V. Valiña aMadrid :bClave Intelectual,c2016 a263 pàgines :bil·lustracions ;c22 cm. aBibliografia.04aCorresponsals estrangerszPaïsos àrabs04aCorresponsals estrangerszÀfrica del nord 4aDones periodisteszEspanya